Estudio a nivel de perfil del proyecto: urbanización Vistas del Bosque, situada en ciudad Sandino, zona 6, municipio de Managua

Presenta el Estudio a nivel de perfil del proyecto: urbanización Vistas del Bosque, situada en ciudad Sandino, zona 6, municipio de Managua el cual se realizó mediante la elaboración de un estudio de mercado con el objetivo de obtener la demanda, oferta y precios, un estudio técnico para obtener...

Full description

Bibliographic Details
Main Authors: Estrada Mejía, Carlos Eduardo, Moreira Tijerino, Scott Lawrence
Other Authors: Tutor: Gutiérrez Mendoza, Carlos Antonio
Format: Tesis Section = Libro
Language:Undetermined
Spanish
Published: Managua UNI 2013
Subjects:
LEADER 01286nam a2200265Ia 4500
008 240830s9999 xx 000 0 und d
040 |a BIBLIOTECA-RUPAP T.Mon 363.5 E82 
041 |a spa 
082 |a T.Mon 363.5 E82 
100 1 |a Estrada Mejía, Carlos Eduardo 
100 1 |b Moreira Tijerino, Scott Lawrence 
245 1 0 |a Estudio a nivel de perfil del proyecto: urbanización Vistas del Bosque, situada en ciudad Sandino, zona 6, municipio de Managua 
260 |a Managua  |b UNI  |c 2013 
300 |a 123 p. :il. 
500 |a Contiene: anexos. 
502 |a Tesis (Ingeniero Civil)- UNI, 2013. 
520 3 |a Presenta el Estudio a nivel de perfil del proyecto: urbanización Vistas del Bosque, situada en ciudad Sandino, zona 6, municipio de Managua el cual se realizó mediante la elaboración de un estudio de mercado con el objetivo de obtener la demanda, oferta y precios, un estudio técnico para obtener la localización del proyecto, el tamaño óptimo, la ingeniería de proyecto y el estudio de proceso. 
650 7 |a CONSTRUCCION DE VIVIENDAS – PROYECTOS 
650 7 |b ESTUDIO DE MERCADO 
650 7 |c ESTUDIO TECNICO 
650 7 |d ESTUDIO FINANCIERO 
700 1 |a Tutor:  |b Gutiérrez Mendoza, Carlos Antonio 
942 |c BK  |2 ddc 
991 |a TESIS 
999 |c 18094